| 000 | 00818pam a2200241 a 4500 | ||
|---|---|---|---|
| 005 | 20160802151043.0 | ||
| 008 | 910131s1991 enka b 001 0 eng | ||
| 020 | _a0521424070 (pbk.) | ||
| 040 |
_aDLC _cDLC _dDLC _dCO-BoIAVH |
||
| 041 | 0 | _aspa | |
| 044 | _ack | ||
| 082 | 0 | 4 |
_a577.076 _bS74m |
| 100 | 1 |
_aSpellerberg, Ian F. _eautor |
|
| 245 | 1 | 0 |
_aMonitoring ecological change / _cIan F. Spellerberg. |
| 260 |
_aCambridge [England] ; _aNew York : _bCambridge University Press, _c1991. |
||
| 300 |
_axvi, 334 páginas : _bilustraciones ; _c24 x 15 cm. |
||
| 504 | _aIncluye referencias bibliográficas e índice. | ||
| 650 | 2 | 6 | _aVigilancia ambiental |
| 650 | 2 | 6 | _aMonitoreo ecológico |
| 650 | 2 | 6 |
_aEcología _vindicadores |
| 650 | 2 | 4 | _aIndicadores biológicos |
| 942 |
_2ddc _cLIBRO |
||
| 999 |
_c4760 _d4760 |
||